| 000 | 00737nam a2200205 u 4500 | ||
|---|---|---|---|
| 001 | 000342312 | ||
| 003 | AM-YeHGA | ||
| 005 | 20250617131116.0 | ||
| 008 | 040610s2004 ai r 000 0 arm d | ||
| 020 | _z99930-2-891-0 | ||
| 040 | _aAM-YeHGA | ||
| 041 | 0 | _aarm | |
| 100 | 1 | _aԽաչատրյան, Արման | |
| 245 | 1 | 0 |
_aԱզգայնականությունը Եվրոպայում XX դարի վերջին / _cԱ. Խաչատրյան. |
| 260 |
_aԵրևան : _bԶանգակ-97, _c2004. |
||
| 300 |
_a144 էջ ; _c20 սմ. |
||
| 504 | _aՄատենագիտ.՝ էջ 141, 142 (68 անուն) և տողատակի ծանոթագր. | ||
| 650 | 1 | 4 |
_aԱզգայնականություն _xXX դարի վերջ _zԵվրոպա |
| 090 | _c131399 | ||
| 999 |
_c130035 _d130035 |
||